000 00638nam a22002177a 4500
999 _c18436
_d18436
003 AR-CdUCM
008 190514b ||||| |||| 00| 0 spa d
040 _aMUNICIPALIDAD PROVINCIAL DEL CUSCO
_cBIBLIOTECA MUNICIPAL DEL CUSCO
082 _a891.03
_bIL38 / 1946
100 _aIlin, M.
_91987
245 _aUna sortija y un enigma /
260 _aMexico :
_bFondo de cultura popular,
_c1946.
300 _a62 paginas :
_c21 cm.
500 _aCuento
505 _aContenido: Cuentos y historias
650 _aCuento
_94671
650 _aHistoria
_9136
650 _aLiteratura
_983
942 _2ddc
_cLIBROS
945 _apjha
_d2019-05-14